Fixed plant (Record no. 103045)

MARC details
000 -LEADER
fixed length control field 01084cam a2200253 4500
001 - CONTROL NUMBER
control field L123441
008 - FIXED-LENGTH DATA ELEMENTS--GENERAL INFORMATION
fixed length control field 030901n2000 000 0 eng u
020 ## - INTERNATIONAL STANDARD BOOK NUMBER
International Standard Book Number 1842190083
035 ## - SYSTEM CONTROL NUMBER
System control number (Sirsi) u123441
041 0# - LANGUAGE CODE
Language code of text/sound track or separate title eng
050 04 - LIBRARY OF CONGRESS CALL NUMBER
Classification number 333.332 $2 18
110 2# - MAIN ENTRY--CORPORATE NAME
Corporate name or jurisdiction name as entry element Royal Institution of Chartered Surveyors
Subordinate unit Plant and Machinery Practice Panel
9 (RLIN) 4593
245 00 - TITLE STATEMENT
Title Fixed plant
Remainder of title an information paper
260 ## - PUBLICATION, DISTRIBUTION, ETC.
Place of publication, distribution, etc. London
Name of publisher, distributor, etc. RICS
Date of publication, distribution, etc. 2000
300 ## - PHYSICAL DESCRIPTION
Extent 16p.
Dimensions 30cm.
350 ## - PRICE (NR) (BK AM CF MU VM SE) [OBSOLETE]
Price 15
490 #0 - SERIES STATEMENT
Series statement RICS Information Paper
520 ## - SUMMARY, ETC.
Summary, etc. Explains the distinction between plant, fixed plant, fixtures and chattels and provides guidance on the effect of English law in this complex area. Briefly covers: landlord and tenant; distress; mortgages; retention of title; leased equipment and other third party items; taxation; rating; and vendor and purchaser. Appendix lists the most problematic fixed plant items with the courts' responses. Case law.
520 ## - SUMMARY, ETC.
Summary, etc. Under review 1 August 2006
651 #4 - SUBJECT ADDED ENTRY--GEOGRAPHIC NAME
Geographic name England
Chronological subdivision 886-
690 ## - LOCAL SUBJECT ADDED ENTRY--TOPICAL TERM (OCLC, RLIN)
Topical term or geographic name as entry element PROPERTY-BUSINESS ASSETS
942 ## - ADDED ENTRY ELEMENTS (KOHA)
Suppress in OPAC 0
Holdings
Withdrawn status Lost status Source of classification or shelving scheme Damaged status Not for loan Home library Current library Shelving location Date acquired Cost, normal purchase price Total Checkouts Full call number Barcode Date last seen Copy number Cost, replacement price Price effective from Koha item type
    Other/Generic Classification Scheme     London London RICS Boxes 19/03/2004 9.00   2000/87 30069035 06/08/2019 1 9.00 06/08/2019 Reference material
    Other/Generic Classification Scheme     London London RICS Boxes 24/03/2004 15.00   2000/87 30068811 06/08/2019 2 15.00 06/08/2019 Reference material